La investigación en educación y pedagogía: fundamentos y técnicas

Guardado en:
Detalles Bibliográficos
Autor principal: Iafrancesco Villegas, Giovanni Marcello (Autor)
Formato: Libro
Lenguaje:español
Publicado: Bogotá Magisterio 2003
Edición:1a. ed
Materias:
Etiquetas: Agregar Etiqueta
Sin Etiquetas, Sea el primero en etiquetar este registro!

MARC

LEADER 00000nam a2200000 a 4500
001 UCL8843
003 CL-VaPUC
008 040709e20030000CK |||||||||||||||||spa|d
020 |a 9582006900 
082 0 4 |a 370.7  |b IAF  |2 21 
100 |a Iafrancesco Villegas, Giovanni Marcello  |e author  |9 521417 
245 1 3 |a La investigación en educación y pedagogía: fundamentos y técnicas 
250 |a 1a. ed 
300 |a 160 p 
942 |c BK 
945 |d 20040709 00:00:00  |a cmena 
260 |a Bogotá  |b Magisterio  |c 2003 
650 0 |a Investigación educacional   |9 261192 
650 0 |a Métodos de investigación   |9 262618 
650 0 |a Gestión de la información   |9 362327 
650 0 |a Muestreo (Estadística)  |9 270232 
583 |a last modification  |c 20040709 00:00:00  |k Rodrigo Vera 
999 |c 309948  |d 309946 
952 |0 0  |1 0  |4 0  |6 370_700000000000000_IAF_2003  |7 0  |8 A  |9 377829  |a BIBTEO  |b BIBTEO  |d 2019-11-21  |i 4033817  |l 1  |o 370.7 IAF 2003  |p 4033817  |r 2025-01-17  |s 2024-09-23  |w 2019-11-21  |y BK  |k ICR